000 00660nam a2200157 4500
999 _c16410
_d16410
008 220207b ||||| |||| 00| 0 eng d
022 _a0893-8989
082 _aDPer 363.205 P75 Sept 2013-May 2016 v. 37 & 40, n. 9-11/1-5
100 _aSmith, Dave.
_943871
245 _aWarriors or guardians?:
_bUninformed activists who would change police officers from warriors to guardians should be careful what they wish for/
_cDave Smith.
260 _aCalifornia:
_bBobit Business Media,
_c©Sept 2013-May 2016.
300 _av40 n1, page 96;
_billustrations:
_c27 cm.
500 _aPolice: the law enforcement.
650 _a Police.
_z
_x
_943834
942 _2ddc
_cPER